000 00664nam a2200193 a 4500
001 BRCA_1784
005 20190320203541.0
008 730207s1946 mx-a---###---#000-0#spa-#
040 _aDLC
_cPPT
_dDLC
050 4 _aF1391.Z3
_b.S35 1946
100 1 _aSalinas de la Torre, Gabriel
_95566
245 1 0 _aTestimonios de Zacatecas
_cselección de Gabriel Salinas de la Torre. Introducción de Juan B. Iguíniz.
260 _aMéxico
_bImprenta Universitaria
_c1946
300 _aviii, 178 p.
_bil.
_c23 cm.
500 _aEstado físico: encuadernado, enero 2013
651 4 _aZacatecas
_xTestimonios
_zMéxico
_95567
700 1 _aIguíniz, Juan B.
_95568
942 _2lcc
_cB
999 _c1566
_d1566